000 00778nas a2200253 4500
001 BR0601425
003 BR-BrBNA
005 20231205105925.0
007 ta
008 230509b bl.|||p| |||| 00| 00por d
040 _aBR-BrBNA
_bpor
_cBiblioteca Nacional de Agricultura
041 _a(Pt)
072 _aL01
100 1 _aToledo, V. de A.A. de
100 1 _aMouro, G.F.
245 1 _aProdução de geléia real com abelhas africanizadas selecionadas e cárnicas híbridas
650 _aABELHA AFRICANA
650 _aPRODUÇÃO
650 _aGELÉIA REAL
650 _aMEL
773 0 _tRevista Brasileira de Zootecnia (Brazil)
_xISSN 1516-3598
_g(Nov-Dec 2005), v. 34(6) p. 2085-2092
_wBR0601425
909 _a202311
_bLúcia
_c55
_dLúcia Elande
942 _2AGRIS
_n0
_cANA
999 _c185378
_d185378